ბათუმის შოთა რუსთაველის სახელმწიფო უნივერსიტეტის ბიბლიოთეკა

Multichannel Optical networks / (ბიბ.ჩანაწერი № 41095)

000 -LEADER
fixed length control field 00639nam a2200217Ia 4500
001 - CONTROL NUMBER
control field 7745
003 - CONTROL NUMBER IDENTIFIER
control field GE_BSU
005 - DATE AND TIME OF LATEST TRANSACTION
control field 20220923135457.0
008 - FIXED-LENGTH DATA ELEMENTS--GENERAL INFORMATION
fixed length control field 181216s2000en xx |||||||||||||| ||eng||
020 ## - INTERNATIONAL STANDARD BOOK NUMBER
International Standard Book Number 0792357760
040 ## - CATALOGING SOURCE
Transcribing agency GE_BSU
041 ## - LANGUAGE CODE
Language code of text/sound track or separate title eng
080 ## - UNIVERSAL DECIMAL CLASSIFICATION NUMBER
Universal Decimal Classification number 621.382.7 W-25
100 ## - MAIN ENTRY--PERSONAL NAME
Personal name Wan, Peng-jun
9 (RLIN) 14734
245 ## - TITLE STATEMENT
Title Multichannel Optical networks /
Statement of responsibility, etc. Peng-jun Wan
264 ## - PRODUCTION, PUBLICATION, DISTRIBUTION, MANUFACTURE, AND COPYRIGHT NOTICE
Place of production, publication, distribution, manufacture Oxford :
Name of producer, publisher, distributor, manufacturer Kluwer Academic Publishers,
Date of production, publication, distribution, manufacture, or copyright notice 2000.
300 ## - PHYSICAL DESCRIPTION
Extent 412 p.;
Dimensions 24 cm.
653 ## - INDEX TERM--UNCONTROLLED
keyword Multichannel Optical networks
653 ## - INDEX TERM--UNCONTROLLED
keyword მრავალარხიანი ოპტიკური ქსელები
942 ## - ADDED ENTRY ELEMENTS (KOHA)
Koha item type წიგნი
Source of classification or shelving scheme
ეგზემპლარები
Withdrawn status Lost status Source of classification or shelving scheme Damaged status Not for loan Permanent Location Current Location Shelving location Date acquired Cost, normal purchase price Full call number Barcode Date last seen Copy number Price effective from Koha item type Public note
          ბათუმის შოთა რუსთაველის სახელმწიფო უნივერსიტეტის მთავარი ბიბლიოთეკა ტექნოლოგიური ფაკულტეტის ბიბლიოთეკა წიგნსაცავი 2018-12-17 390.00 621.382.7 W-25 24126 2018-12-17 24126 2018-12-17 წიგნი 390gel.